000 00413nam a2200133Ia 4500
008 100328s9999 xx 000 0 und d
082 _b22910
100 _aपटवर्धन वि.अ.-संक्षे.
245 _aसूर्यग्रहण
260 _bवि.अ.पटर्वान
630 _aसूर्यग्रहण
730 _aसूर्यग्रहण
942 _cBOOK
999 _c516724
_d516721